Super Smash Bros. Ultimate - LumiRank Summer 2023 - Statistics

General Stats
  • This quiz has been taken 18 times
  • The average score is 45 of 53
Answer Stats
Rank Character Country Answer % Correct
1 Steve, Kazuya, Pyra & Mythra Japan acola
100%
11 Wario France Glutonny
100%
21 Sonic, Sephiroth Japan KEN
100%
6 Fox USA Light
100%
7 Byleth, Joker, Pyra & Mythra, Meta Knight Mexico MkLeo
100%
8 Kazuya, Terry Canada Riddles
100%
4 Sonic DR Sonix
100%
2 Cloud, Pyra & Mythra, Byleth, Lucina Mexico Sparg0
100%
5 Diddy Kong, Sephiroth USA Tweek
100%
10 Yoshi Japan Yoshidora
100%
24 Rosalina, Olimar, Min Min USA Dabuz
94%
20 Mario USA Kurama
94%
42 Bayonetta USA Lima
94%
18 Mr. Game & Watch Mexico Maister
94%
34 Zero Suit Samus USA Marss
94%
3 Mr. Game & Watch, Steve Japan Miya
94%
30 Steve USA Onin
94%
9 Pyra & Mythra, Olimar Japan Shuton
94%
28 Samus, Dark Samus, Incineroar Spain Sisqui
94%
23 Incineroar Mexico Skyjay
94%
14 Pac-Man, Kazuya Japan Tea
94%
13 R.O.B. USA Zomba
94%
15 Ryu, Ken Japan Asimo
88%
29 Ice Climbers Canada Big D
88%
26 Bayonetta UK Bloom4Eva
88%
51 Pyra & Mythra, Joker, Corrin USA Cosmos
88%
22 Ness Japan Gackt
88%
31 Bowser Japan Hero
88%
16 Peach, Palutena, Bayonetta USA MuteAce
88%
32 Wolf Canada Ouch!?
88%
17 Pit, Joker, R.O.B. Japan zackray
88%
38 Snake USA ApolloKage
82%
41 Palutena, Pyra & Mythra, Steve USA Chase
82%
45 Wolf USA Jakal
82%
12 Sora, Megaman, Sheik Japan Kameme
82%
33 Corrin Japan Neo
82%
HM Min Min, Lucina Japan ProtoBanham
82%
27 Snake Japan DIO
76%
25 Captain Falcon Japan Jogibu
76%
47 Luigi Canada Luugi
76%
37 R.O.B. Mexico MKBigBoss
76%
40 Daisy Japan Umeki
76%
19 Samus, Dark Samus, Cloud Japan Yaura
76%
50 Wolf, Pokémon Trainer Japan Atelier
71%
HM Steve, Pokémon Trainer USA DDee
71%
36 Sora, Roy, Donkey Kong Japan HIKARU
71%
48 Pokémon Trainer USA Quidd
71%
43 Min Min Japan Doramigi
65%
35 Palutena Japan Jagaimo
65%
49 Marth, Byleth, Cloud Japan Rizeasu
65%
46 Ken Japan takera
65%
44 Joker Japan Tsubaki
59%
39 Wolf Japan Masha
53%
No matching quizzes found
Score Distribution
Percent of People with Each Score
Percentile by Number Answered
Your Score History
You have not taken this quiz